00263nam a2200121Ia 4500008004100000041000800041082000600049100000900055245003500064250000600099260002700105300000900132240830s1959 xx 000 0 und d aeng a1 aJPHN aSHAWA TEXT BOOK OF GYNAECOLOGY a1 aAHMEDNAGARbN.D.c1959 a100p